<?xml version="1.0" encoding="UTF-8"?>
<marc:record xmlns:marc="http://www.loc.gov/MARC21/slim">
   <marc:leader>00000nam a2200000 a 4500</marc:leader>
   <marc:datafield ind1="1" ind2=" " tag="100">
      <marc:subfield code="a">Aveyard, Victoria</marc:subfield>
      <marc:subfield code="4">aut</marc:subfield>
      <marc:subfield code="e">Verfasser/-in</marc:subfield>
   </marc:datafield>
   <marc:datafield ind1=" " ind2=" " tag="653">
      <marc:subfield code="a">Fantasy / Jugendroman</marc:subfield>
   </marc:datafield>
   <marc:datafield ind1="0" ind2="0" tag="245">
      <marc:subfield code="a">Gläsernes Schwert</marc:subfield>
   </marc:datafield>
   <marc:datafield ind1="0" ind2="0" tag="245">
      <marc:subfield code="c">Aveyard, Victoria</marc:subfield>
   </marc:datafield>
   <marc:datafield ind1=" " ind2="1" tag="264">
      <marc:subfield code="c">2016</marc:subfield>
   </marc:datafield>
   <marc:datafield ind1="1" ind2=" " tag="490">
      <marc:subfield code="a">Die Farben des Blutes</marc:subfield>
      <marc:subfield code="v">Bd. 2</marc:subfield>
   </marc:datafield>
   <marc:datafield ind1="1" ind2=" " tag="520">
      <marc:subfield code="a">Die spannende Fortsetzung des New-York-Times- und Spiegel-Bestsellers DIE ROTE KÖNIGIN&#xD;
In letzter Sekunde wurden Mare und Prinz Cal von der Scharlachroten Garde aus der Todesarena gerettet. Die Rebellen hoffen, mit Hilfe der beiden den Kampf gegen die Silber-Herrschaft zu gewinnen. Doch Mare hat eigene Pläne. Gemeinsam mit Cal will sie diejenigen aufspüren, die sind wie sie: Rote mit besonderen Silber-Fähigkeiten. Denn auch der neue König der Silbernen, ihr einstiger Verlobter, hat es auf diese Menschen abgesehen. Aber schnell wird klar, dass er eigentlich nur eins will - und zwar um jeden Preis: Mare.&#xD;
Teil 2 der Serie  Die Farben des Blutes  - glasklar, facettenreich, aufregend und schnell / ab 14</marc:subfield>
   </marc:datafield>
   <marc:datafield ind1=" " ind2=" " tag="020">
      <marc:subfield code="a">9783551583277</marc:subfield>
      <marc:subfield code="9">9783551583277</marc:subfield>
   </marc:datafield>
   <marc:datafield ind1=" " ind2=" " tag="020">
      <marc:subfield code="a">3551583277</marc:subfield>
      <marc:subfield code="9">3551583277</marc:subfield>
   </marc:datafield>
   <marc:datafield ind1=" " ind2=" " tag="041">
      <marc:subfield code="a">ger</marc:subfield>
   </marc:datafield>
   <marc:datafield ind1="0" ind2=" " tag="490">
      <marc:subfield code="v">Bd. 2</marc:subfield>
   </marc:datafield>
   <marc:datafield ind1=" " ind2=" " tag="338">
      <marc:subfield code="a">Band</marc:subfield>
   </marc:datafield>
   <marc:datafield ind1=" " ind2=" " tag="300">
      <marc:subfield code="a">573 S.</marc:subfield>
   </marc:datafield>
</marc:record>
